| 000 | 00821nam a2200253Ia 4500 | ||
|---|---|---|---|
| 003 | OSt | ||
| 005 | 20240712122607.0 | ||
| 008 | 210210b2004 xxu||||| |||| 00| 0 eng d | ||
| 040 | _cAL | ||
| 041 | _aKannada | ||
| 082 | _aK894.109 MRAB | ||
| 100 |
_aMRATYUNJAYA RUMALE _dಮೃತ್ಯುಂಜಯ ರೂಮಾಲೆ Ed _9173304 |
||
| 245 |
_aBasava sahitya: vimarsha lekhanagala sankalana _bಬಸವ ಸಾಹಿತ್ಯ: ವಿಮರ್ಶ ಲೇಖನಗಳ ಸಂಕಲನ |
||
| 260 |
_aBengaluru _bKarnataka Sahithya Akademi _c2004 |
||
| 300 | _axliv,463 | ||
| 650 |
_avimarsha _9173305 |
||
| 650 |
_asankalana _9173306 |
||
| 650 |
_asahitya: _9173307 |
||
| 650 |
_alekhanagala _9173308 |
||
| 650 |
_aBasava _9173309 |
||
| 690 |
_aKannada Poetry Criticism _9173310 |
||
| 906 | _a065371 | ||
| 942 |
_2ddc _cBK |
||
| 999 |
_c142540 _d142540 |
||